000 01135nam a22002657a 4500
003 PE SENCICO BE
005 20251020182651.0
008 240202b |||||||| |||| 00| 0 eng d
040 _aPE SENCICO BE
_cPE SENCICO BE
041 _aspa
084 _aI
_aDIS
_a2017
_bD33
100 1 _91926
_aDe la Cruz Fernández, Debbie Luz
_eautor
245 1 _aTeoría del color y su aplicación en espacios interiores /
_cDebbie Luz De la Cruz Fernández
260 _aLima :
_c2017
300 _a2 v. :
_bil. col. ;
_c30 cm.
500 _aTexto en dos volúmenes. El volumen 2 contiene planos (40 x 60 cm.).
502 _aMonografía de Titulación.-- Servicio Nacional de Capacitación para la Industria de la Construcción. Escuela Superior Técnica. Carrera Profesional Técnica en Diseño de Interiores, 2017
650 1 0 _944
_aDiseño de interiores
650 2 0 _91793
_aColor en el diseño
650 2 0 _9429
_aColores
650 2 0 _91352
_aAnálisis colorimétrico
710 1 _aServicio Nacional de Capacitación para la Industria de la Construcción.
_bEscuela Superior Técnica
_91065
910 _bhfp
_chfp
942 _cMON
_2ddc
999 _c4542
_d4542